000 00892cam a22002531 4500
001 sa 68011238
003 DLC
005 20260227112559.0
008 711115s1964 ii b 00010 eng
010 _asa 68011238 //r92
025 _aPL480:I-E-9571
040 _aDLC
_cDLC
_dDLC
043 _aa-ii---
050 0 0 _aHF5381
_b.P284
100 1 0 _aPasricha, Prem.
245 1 2 _aA handbook for developing guidance services in secondary schools
_c[by] P. Pasricha [and] T. C. Schreck.
260 0 _aBaroda,
_bFaculty of Education and Psychology, Maharaja Sayajirao University of Baroda,
_c1964.
300 _aiii, 48 p.
_c19 cm.
440 0 _aGuidance and counselling pamphlet,
_vno. 11
504 _aBibliography: p. [42]-44.
650 0 _aVocational guidance
_xHandbooks, manuals, etc.
650 0 _aCounseling in secondary education
_zIndia.
700 1 0 _aSchreck, T. C.,
_ejoint author.
999 _c83809
_d83809